Giáo trình mạch điện

محفوظ في:
التفاصيل البيبلوغرافية
المؤلف الرئيسي: Bùi Ngọc Thư
التنسيق: كتاب
اللغة:Undetermined
منشور في: Tp. HCM Trường Đại học Bách khoa Tp. HCM 1980
الموضوعات:
الوسوم: إضافة وسم
لا توجد وسوم, كن أول من يضع وسما على هذه التسجيلة!
Thư viện lưu trữ: Trung tâm Học liệu Trường Đại học Cần Thơ
LEADER 00490nam a2200169Ia 4500
001 CTU_14115
008 210402s9999 xx 000 0 und d
082 |a 621.319 
082 |b Th550g 
100 |a Bùi Ngọc Thư 
245 0 |a Giáo trình mạch điện 
245 0 |c Bùi Ngọc Thư 
260 |a Tp. HCM 
260 |b Trường Đại học Bách khoa Tp. HCM 
260 |c 1980 
650 |a electric circuits 
980 |a Trung tâm Học liệu Trường Đại học Cần Thơ